Fundamentals of environmental sampling and analysis (Record no. 756781)

MARC details
000 -LEADER
fixed length control field 00359 a2200145 4500
020 ## - INTERNATIONAL STANDARD BOOK NUMBER
ISBN 9781119778561
084 ## - OTHER CLASSIFICATION NUMBER
Source of Number CC
Classification number G:55:(B2817)
100 ## - MAIN ENTRY--AUTHOR NAME
Personal name ZHANG ( Chunlong)
245 ## - TITLE STATEMENT
Title Fundamentals of environmental sampling and analysis
250 ## - EDITION STATEMENT
Edition statement 2
260 ## - PUBLICATION, DISTRIBUTION, ETC. (IMPRINT)
Name of publisher Wiley,
Year of publication 2024,
Place of publication USA
300 ## - PHYSICAL DESCRIPTION
Number of Pages 547p.
942 ## - ADDED ENTRY ELEMENTS (KOHA)
Koha item type Book
Source of classification or shelving scheme Colon Classification
Holdings
Withdrawn status Lost status Source of classification or shelving scheme Damaged status Not for loan Home Library Current Location Shelving location Date acquired Source of acquisition Cost, normal purchase price Full call number Accession Number Cost, replacement price Price effective from Koha item type
    Colon Classification     Kerala University Library Kerala University Library General Stacks 27/02/2026 2 12366.92 G:55:(B2817) R7 326489 15458.65 27/02/2026 General